Fr. Conceicao Rodrigues College of Engineering

Windows Programming Vol III (Record no. 27384)

MARC details
000 -LEADER
fixed length control field 00286nam a2200133Ia 4500
100 ## - MAIN ENTRY--PERSONAL NAME
Personal name Schildt/ H.
245 ## - TITLE STATEMENT
Title Windows Programming Vol III
260 ## - PUBLICATION, DISTRIBUTION, ETC.
Name of publisher, distributor, etc. Osborne Mc graw Hill
Place of publication, distribution, etc. Berkley
Date of publication, distribution, etc. 1994
300 ## - PHYSICAL DESCRIPTION
Extent 874
546 ## - LANGUAGE NOTE
Language note ENGLISH
654 ## - SUBJECT ADDED ENTRY--FACETED TOPICAL TERMS
Focus term Windows
942 ## - ADDED ENTRY ELEMENTS (KOHA)
Koha item type Reference Book
Holdings
Withdrawn status Lost status Damaged status Not for loan Collection Home library Current library Shelving location Date acquired Source of acquisition Cost, normal purchase price Total Checkouts Full call number Barcode Date last seen Cost, replacement price Price effective from Koha item type
        CRC Fr. Agnel's C.Rodrigues College of Engineering Fr. Agnel's C.Rodrigues College of Engineering   17/03/2023 global books 1230.24   7716 17/03/2023 1230.24 17/03/2023 Reference Book